(Record no. 187152)

MARC details
000 -LEADER
fixed length control field 00501nam a2200157Ia 4500
003 - CONTROL NUMBER IDENTIFIER
control field IQ-KOUCL
041 ## - LANGUAGE CODE
Language code of text/sound track or separate title Arabic
082 ## - DEWEY DECIMAL CLASSIFICATION NUMBER
Classification number 955,05 cut-494 ب
100 ## - MAIN ENTRY--PERSONAL NAME
Personal name 20260118u\\\\\\\\\\\y0engy0103\\\\ba
Personal name ا.د.خضير البديري
245 #0 - TITLE STATEMENT
Title تاريخ الوزارات الايرانية في العهد القاجاري ١٧٩٦ - ١٩٢٥الجزء 1
250 ## - EDITION STATEMENT
Edition statement ط1
260 ## - PUBLICATION, DISTRIBUTION, ETC. (IMPRINT)
Name of publisher, distributor, etc العارف للمطبوعات
Place of publication, distribution, etc بيروت - لبنان
Date of publication, distribution, etc 2019
300 ## - PHYSICAL DESCRIPTION
Extent 284
942 ## - ADDED ENTRY ELEMENTS (KOHA)
Koha item type Books
Holdings
Withdrawn status Lost status Damaged status Not for loan Collection code Home library Current library Shelving location Date acquired Total Checkouts Full call number Barcode Date last seen Copy number Price effective from Koha item type
          Koya University Central Library Koya University Central Library Books 18/01/2026   955,05 cut-494 ب 0000090773 18/01/2026 1 18/01/2026 Books